Companies by Country #4 - Statistics

General Stats
  • This quiz has been taken 52 times
  • The average score is 10 of 18
Answer Stats
Hint Industry Answer % Correct
Adidas Apparel and Footwear Germany
93%
Fiat Automotive Italy
88%
Samsung Technology South Korea
88%
Fjällräven Apparel Sweden
76%
Canon Optics/imaging electronics Japan
71%
HSBC Financial United Kingdom
69%
ExxonMobil Petroleum United States of America
67%
Bugatti Automotive France
64%
Pilsner Urquell Beer Czech Republic
55%
Molson Beer Canada
50%
Philips Technology Netherlands
50%
Grupo Bimbo Food processing Mexico
40%
Tencent Technology China
33%
Roche Pharmaceuticals Switzerland
33%
Taurus Armas Firearms Brazil
29%
SodaStream Carbonated drinks Israel
24%
Sarahah Social media Saudi Arabia
14%
UCB Pharmaceuticals Belgium
12%
No matching quizzes found
Score Distribution
Percent of People with Each Score
Percentile by Number Answered
Your Score History
You have not taken this quiz